[Event "ch-Kyiv Men"]
[Site "Kyiv UKR"]
[Date "2008.01.21"]
[Round "3"]
[White "Grinev,V"]
[Black "Bidkov,A"]
[Result "1-0"]
[WhiteElo "2266"]
[BlackElo "2187"]

1.d4 Nf6 2.Bg5 Ne4 3.Bf4 d5 4.Nf3 c5 5.dxc5 Nc6 6.Nbd2 Nxc5 7.e3 Bg4 8.h3 Bxf3
9.Nxf3 g6 10.c3 Bg7 11.Be2 e5 12.Bh2 O-O 13.O-O Re8 14.Qc2 Qb6 15.Rad1 Rad8
16.Kh1 a6 17.Bg1 Ne6 18.Bh2 Qc5 19.Qa4 Qa7 20.Qc2 Rc8 21.Qb1 Red8 22.Kg1 b5
23.a3 Qb6 24.Qa2 d4 25.cxd4 exd4 26.exd4 Ncxd4 27.Nxd4 Bxd4 28.Qb1 a5 29.Bg3 Ng7
30.Bh4 Rd6 31.Bg3 Rdd8 32.Bh4 Rd6 33.Bg4 Re8 34.Bg3 Rdd8 35.Qc2 Qf6 36.Bc7 Rd5
37.Bxa5 h5 38.Bf3 Rg5 39.Rd3 Ne6 40.Qc6 Rb8 41.Bd2 Rc5 42.Qe4 Re5 43.Qc6 Rc5
44.Qa6 Qf5 45.Rb3 Qc2 46.Re3 Bxe3 47.Bxe3 Rf5 48.Qd6 Rd8 49.Qb4 Qa4 50.Qe7 Qa6
51.Rc1 Qd6 52.Qa7 Qd7 53.Qa6 Nd4 54.Bd1 Ne6 55.Bb3 Nc7 56.Qxg6+ Kh8 57.Bd4+ Qxd4
58.Qxf5 Ne6 59.Qxf7 Ng7 60.Rd1 Qb6 61.Rxd8+ Qxd8 62.Qg6  1-0

[Event "IMB1"]
[Site "Marianske Lazne CZE"]
[Date "2008.01.21"]
[Round "3"]
[White "Thorfinnsson,Bj"]
[Black "Krupa,M"]
[Result "0-1"]
[WhiteElo "2364"]
[BlackElo "2266"]

1.d4 Nf6 2.Bg5 Ne4 3.Bf4 c5 4.f3 Qa5+ 5.c3 Nf6 6.d5 e6 7.e4 d6 8.Na3 exd5
9.exd5 Be7 10.Qd2 O-O 11.g4 a6 12.Nc4 Qd8 13.a4 b6 14.Ne2 Bb7 15.Ne3 Nbd7
16.Ng3 Ne5 17.Bxe5 dxe5 18.Rd1 Ne8 19.Bd3 Bg5 20.Qe2 Nd6 21.Nef5 c4 22.Bb1 Nxf5
23.Bxf5 b5 24.axb5 axb5 25.Bb1 Ra6 26.O-O Re8 27.Ne4 Bf4 28.d6 Bxe4 29.d7 Qb6+
30.Kg2 Rd8 31.Qxe4 g6 32.Rd5 Ra7 33.Rfd1 Qf6 34.Qe1 Qe7 35.Be4 Raxd7 36.Rxd7 Rxd7
37.Bc6 Rd3 38.Bxb5 Re3 39.Qf2 e4 40.Bc6 Rxf3 41.Qd4 Qe6 42.Bxe4 Qxg4+ 43.Kh1 Rh3
44.Qd8+ Kg7 45.Qd4+ Kh6  0-1

[Event "IMB1"]
[Site "Marianske Lazne CZE"]
[Date "2008.01.23"]
[Round "6"]
[White "Thorfinnsson,Bj"]
[Black "Bejtovic,J"]
[Result "1/2-1/2"]
[WhiteElo "2364"]
[BlackElo "2353"]

1.d4 Nf6 2.Bg5 Ne4 3.Bf4 c5 4.f3 Qa5+ 5.c3 Nf6 6.Nd2 cxd4 7.Nb3 Qb6 8.Qxd4 Nc6
9.Qxb6 axb6 10.a3 d5 11.Bc7 Bf5 12.Bxb6 Nd7 13.Bf2 e5 14.Nd2 d4 15.e4 dxc3
16.exf5 cxd2+ 17.Kxd2 Bc5 18.Nh3 Bxf2 19.Nxf2 Nd4  1/2-1/2

[Event "Winter Open"]
[Site "Belgrade SRB"]
[Date "2008.01.24"]
[Round "3"]
[White "Ostojic,N1"]
[Black "Markovic,Milan SRB"]
[Result "1-0"]
[WhiteElo "2423"]
[BlackElo "2350"]

1.d4 Nf6 2.Bg5 Ne4 3.Bf4 c5 4.f3 Qa5+ 5.c3 Nf6 6.d5 d6 7.e4 g6 8.a4 Bg7 9.Nd2 O-O
10.Nc4 Qd8 11.Ne2 b6 12.Ng3 Na6 13.Be2 Nc7 14.O-O Nd7 15.Qd2 Ba6 16.Bh6 Bxc4
17.Bxc4 a6 18.Bxg7 Kxg7 19.Be2 b5 20.b3 Qb8 21.a5 b4 22.f4 bxc3 23.Qxc3+ Kg8
24.Bc4 Nb5 25.Qd3 Qc7 26.h4 Rfb8 27.h5 Nd4 28.Kh1 Rb4 29.Ne2 Nxe2 30.Qxe2 Qb8
31.Rf3 Nf6 32.hxg6 hxg6 33.e5 Ne8 34.Rh3 Qc8 35.g4 Ng7 36.Qh2 f5 37.Rh8+ Kf7
38.e6+  1-0

[Event "GMA1"]
[Site "Marianske Lazne CZE"]
[Date "2008.01.25"]
[Round "8"]
[White "Vavrak,P"]
[Black "Jansa,Vl"]
[Result "1/2-1/2"]
[WhiteElo "2472"]
[BlackElo "2486"]

1.d4 Nf6 2.Bg5 Ne4 3.Bf4 d5 4.e3 Bf5 5.Nf3 e6 6.Nbd2 Bd6 7.Nxe4 Bxe4 8.Bxd6 cxd6
9.c3 O-O 10.Be2 Nc6 11.O-O Rb8 12.Nd2 Bg6 13.a4 Qb6 14.b4 Rfc8 15.a5 Qc7
16.Qa4 Ne7 17.Rfc1 Nf5 18.c4 dxc4 19.Rxc4 Qd8 20.Rac1 d5 21.Rxc8 Rxc8 22.Rxc8 Qxc8
23.Qb5 h6 24.Qc5 Qb8 25.Qc3 Nd6 26.h3  1/2-1/2

[Event "6th Gibtelecom Masters"]
[Site "Gibraltar ENG"]
[Date "2008.01.26"]
[Round "5"]
[White "Bigg,A"]
[Black "Norinkeviciute,R"]
[Result "1/2-1/2"]
[WhiteElo "2231"]
[BlackElo "2064"]

1.d4 Nf6 2.Bg5 Ne4 3.Bf4 c5 4.f3 Qa5+ 5.c3 Nf6 6.d5 Qb6 7.b3 e6 8.e4 exd5
9.exd5 d6 10.Na3 a6 11.Nc4 Qc7 12.a4 Nbd7 13.Qe2+ Kd8 14.Qd2 Be7 15.Nh3 b6
16.Ng5 Rf8 17.Ne4 Re8 18.Be2 Nxe4 19.fxe4 Nf6 20.e5 Ne4 21.exd6 Bxd6 22.Bxd6 Nxd6
23.Nxd6 Qxd6 24.O-O Ra7 25.Bf3 Rae7 26.c4 Bd7 27.Qc3 f6 28.a5 b5 29.cxb5 Bxb5
30.Rfc1 Re3 31.Qc2 Bd3 32.Qf2 Bb5 33.h3 R8e7 34.Re1 Rxe1+ 35.Rxe1 Rxe1+ 36.Qxe1 Qe5
37.Qb1  1/2-1/2

[Event "13th HIT Open A"]
[Site "Nova Gorica SLO"]
[Date "2008.01.26"]
[Round "1"]
[White "Peredy,F"]
[Black "Milanovic,Da"]
[Result "0-1"]
[WhiteElo "2261"]
[BlackElo "2510"]

1.d4 Nf6 2.Bg5 Ne4 3.Bf4 c5 4.f3 Qa5+ 5.c3 Nf6 6.Nd2 cxd4 7.Nb3 Qb6 8.Qxd4 Qxd4
9.cxd4 e6 10.e4 d5 11.e5 Nfd7 12.Rc1 Nc6 13.Be3 a5 14.a4 Nb6 15.Bb5 Bd7 16.Nc5 Bxc5
17.Rxc5 Nc4 18.Bxc4 dxc4 19.Rxc4 Nb4 20.b3 b5 21.axb5 Bxb5 22.Rc3 Kd7 23.Nh3 Rhc8
24.Bd2 Nd5 25.Rxc8 Rxc8 26.Nf2 Rc2 27.Ne4 f5 28.exf6 gxf6 29.Rg1 Kc6 30.g4 Rb2
31.Nc3 Rxb3 32.Nxd5 Kxd5 33.Bxa5 Rxf3 34.Rg3 Rf1+ 35.Kd2 Rf2+ 36.Ke3 Re2+
37.Kf3 Rxh2 38.Bd8 e5 39.dxe5 fxe5 40.g5 Bd3 41.Ke3 Bg6 42.Bf6 Ra2 43.Bg7 Bh5
44.Rg1 Ra3+ 45.Kf2 e4 46.Rg3 Ra2+ 47.Ke3 Ra3+ 48.Kf4 Ra2 49.Rb3 Bg6 50.Bb2 Kc4
51.Rb6 Kd3 52.Rd6+ Ke2 53.Bc1 Ra5 54.Rd2+ Ke1 55.Rh2 Rf5+ 56.Kg4 Rf3 57.Bf4 Kf1
58.Ra2 Bf7 59.Ra1+ Kg2 60.Kf5 e3 61.Rc1 e2 62.Ke4 Bg6+  0-1

[Event "13th HIT Open A"]
[Site "Nova Gorica SLO"]
[Date "2008.01.27"]
[Round "2"]
[White "Brumen,D"]
[Black "Hera,I"]
[Result "0-1"]
[WhiteElo "2400"]
[BlackElo "2526"]

1.d4 Nf6 2.Bg5 Ne4 3.Bf4 d5 4.e3 c5 5.Bd3 Nf6 6.Nf3 Nc6 7.O-O Bg4 8.c3 e6
9.Nbd2 Rc8 10.h3 Bh5 11.Re1 Bd6 12.Qa4 O-O 13.Bg5 h6 14.Bh4 g5 15.dxc5 Bxc5
16.Bg3 Bd6 17.Bxd6 Qxd6 18.g4 Bg6 19.Bxg6 fxg6 20.Rad1 Rf7 21.h4 b5 22.Qc2 Nxg4
23.hxg5 Ne7 24.Kg2 Nf5 25.Ne4 Qe7 26.Ng3 Rd8 27.gxh6 Nh4+ 28.Kh3 Nxf2+ 29.Qxf2 Nxf3  0-1

[Event "6th Gibtelecom Masters"]
[Site "Gibraltar ENG"]
[Date "2008.01.28"]
[Round "7"]
[White "Bigg,A"]
[Black "Bellon Lopez,JuM"]
[Result "1-0"]
[WhiteElo "2231"]
[BlackElo "2455"]

1.d4 Nf6 2.Bg5 Ne4 3.Bf4 e6 4.Nd2 f5 5.Nxe4 fxe4 6.e3 d6 7.f3 exf3 8.Nxf3 Nd7
9.Bd3 Be7 10.c3 Bf6 11.O-O Qe7 12.Qc2 g5 13.Bg3 Nb6 14.e4 e5 15.Nxe5 Bxe5
16.dxe5 dxe5 17.a4 h5 18.a5 h4 19.Bxe5 Qxe5 20.axb6 Qc5+ 21.Kh1 Qxb6 22.e5 Be6
23.Bb5+ Qxb5 24.Qg6+ Kd7 25.Rad1+ Kc8 26.Qxe6+ Kb8 27.Qf6 Rc8 28.Qxg5 h3
29.Rf8 hxg2+ 30.Kg1 Qc5+ 31.Rf2 a5 32.Rd4 Re8 33.Re2 Ka7 34.Qe3 Re6 35.Rd5 Qxe3+
36.Rxe3 Kb6 37.Rd2 a4 38.Kxg2 Ra5 39.Rde2 a3 40.bxa3 Rxa3 41.Kf3 Kc5 42.Kf4 Kc4
43.Kf5 Raa6 44.Rb2 b5 45.Rb4+ Kc5 46.h4 Re8 47.e6 Ra4 48.Rxa4 bxa4 49.e7 a3
50.Ke6  1-0

[Event "6th ch-PriFO Men"]
[Site "Kazan RUS"]
[Date "2008.01.28"]
[Round "6"]
[White "Protsenko,E"]
[Black "Pavlov,Vi2"]
[Result "1/2-1/2"]
[WhiteElo "1850"]
[BlackElo "2110"]

1.d4 Nf6 2.Bg5 Ne4 3.Bf4 d5 4.e3 e6 5.Nd2 Bd6 6.Bxd6 Qxd6 7.c3 O-O 8.Bd3 f5
9.f4 c5 10.Ngf3 Nc6 11.O-O Bd7 12.a3 Be8 13.Ne5 Nxd2 14.Qxd2 Nxe5 15.dxe5 Qb6
16.Be2 Rd8 17.Kh1 Bb5 18.Bxb5 Qxb5 19.Rad1 Qb3 20.Rf2 b5 21.Qc2 Qxc2 22.Rxc2 a5
23.b3 Kf7 24.g3 Ke7 25.Rdd2 c4 26.b4 axb4 27.axb4 Ra8 28.Ra2 Ra4 29.Rxa4 bxa4
30.Ra2 Ra8 31.Ra3  1/2-1/2

[Event "FSGM February"]
[Site "Budapest HUN"]
[Date "2008.02.03"]
[Round "2"]
[White "Bui Vinh"]
[Black "Mihok,O"]
[Result "1-0"]
[WhiteElo "2482"]
[BlackElo "2351"]

1.d4 Nf6 2.Bg5 Ne4 3.Bf4 e6 4.e3 c5 5.Bd3 d5 6.Bxe4 dxe4 7.Nc3 cxd4 8.Qxd4 Qxd4
9.exd4 Bb4 10.Ne2 Nd7 11.O-O-O f5 12.Nb5 Kf7 13.a3 Be7 14.f3 exf3 15.gxf3 b6
16.Nec3 Bb7 17.Rd3 a6 18.Nd6+ Bxd6 19.Bxd6 Nf6 20.Rg1 Rhg8 21.Na4 b5 22.Nc5 Bd5
23.b3 Ra7 24.Kb2 Nd7 25.h4 Nxc5 26.dxc5 h6 27.f4 g6 28.Rdg3 Raa8 29.Be5 Rac8
30.b4 h5 31.Ra1 Bc6 32.Kb3 Bd5+ 33.Kc3 Bc6 34.Kb2 Rgd8 35.Rag1 Rg8 36.Bd6 Ra8
37.a4 Bd5 38.Ra1 Rgd8 39.Rga3 Ke8 40.axb5 axb5 41.Ra5 Rxa5 42.Rxa5 Bc4 43.Kc3 Kd7
44.Ra7+ Kc6 45.Kd4 Rd7 46.Ra6+ Kb7 47.c6+  1-0

[Event "FSGM February"]
[Site "Budapest HUN"]
[Date "2008.02.05"]
[Round "4"]
[White "Bui Vinh"]
[Black "Kosic,D"]
[Result "1/2-1/2"]
[WhiteElo "2482"]
[BlackElo "2511"]

1.d4 Nf6 2.Bg5 Ne4 3.Bf4 d5 4.e3 Bf5 5.f3 Nf6 6.g4 Bg6 7.c4 e6 8.Nc3 Nc6
9.Rc1 dxc4 10.Bxc4 Bd6 11.Bxd6 Qxd6 12.Nge2 O-O-O 13.Kf2 Kb8 14.Qa4 Nd7 15.Bb5 Nb6
16.Qd1  1/2-1/2

[Event "II ch-Ibero-Americano Gp D"]
[Site "Morelia MEX"]
[Date "2008.02.15"]
[Round "1"]
[White "Hernandez Carmenates,Hold"]
[Black "Bachmann,Ax"]
[Result "1/2-1/2"]
[WhiteElo "2590"]
[BlackElo "2505"]

1.d4 Nf6 2.Bg5 Ne4 3.Bf4 d5 4.e3 e6 5.Bd3 Nf6 6.Nf3 c5 7.c3 Nc6 8.Nbd2 Bd6
9.Bg3 Bxg3 10.hxg3 Qe7 11.Ne5 Nd7 12.f4 Ndxe5 13.fxe5 Bd7 14.Qg4 O-O-O 15.Qxg7 cxd4
16.exd4 Rdg8 17.Qh6 Rxg3 18.Bf1 Rg6 19.Qh4 Qxh4+ 20.Rxh4 f6 21.exf6 Rxf6
22.Nf3 e5 23.Bb5 exd4 24.cxd4 Rg8 25.Kf2 Bg4 26.Rc1 h5 27.Ke3 Bxf3 28.gxf3 Rgf8
29.Be2 Kb8 30.Rd1 Rh8 31.Rdh1 Re8+ 32.Kf2 Rfe6 33.Bf1 Re1 34.Bb5 R1e3 35.Rd1 a6
36.Bf1 Nb4 37.a3 Nc2 38.Rxh5 Rb3 39.Rd2 Rf8 40.Be2 Ne3 41.Rh3 Ng4+ 42.Ke1 Ne3
43.Rh5 Rg8 44.Rh1 Rg2 45.Bd3 Rxb2 46.Rxb2 Rxb2 47.Rh8+ Kc7 48.Rh7+ Kd6 49.Rh6+ Ke7
50.a4 Ng2+ 51.Kd1 Nf4 52.Bf5 Rb4 53.a5 Rxd4+ 54.Kc2 Ra4 55.Rb6 Rxa5 56.Kc3 d4+
57.Kxd4 Rxf5 58.Rxb7+ Kf6 59.Rb6+ Ne6+ 60.Ke4 Ra5 61.f4 Ra4+ 62.Kd5 Rd4+
63.Kc6 Rc4+ 64.Kb7 a5 65.Ka6 a4 66.Kb5 Rxf4 67.Ra6 Ke5 68.Rxa4 Nd4+ 69.Kb6 Rf1
70.Rb4 Kd5 71.Rb2 Rf6+ 72.Kc7 Ne6+ 73.Kd7 Nd4 74.Rb1 Rf7+ 75.Ke8 Ra7 76.Rd1 Rh7
77.Kd8 Ke5 78.Ke8 Nc6 79.Re1+ Kf6 80.Rf1+ Ke6 81.Re1+ Ne5 82.Kd8 Rh2 83.Kc7 Rc2+
84.Kb6 Rd2 85.Kc7 Kd5 86.Kd8 Kd6 87.Ke8 Nd3 88.Re3 Nf4 89.Re4 Rf2 90.Re1 Re2+  1/2-1/2

[Event "Aeroflot Open"]
[Site "Moscow RUS"]
[Date "2008.02.16"]
[Round "3"]
[White "Predojevic,B"]
[Black "Dyachkov,S"]
[Result "1-0"]
[WhiteElo "2641"]
[BlackElo "2559"]

1.d4 Nf6 2.Bg5 Ne4 3.Bf4 c5 4.f3 Qa5+ 5.c3 Nf6 6.d5 Qb6 7.Bc1 e6 8.e4 exd5
9.exd5 Bd6 10.Na3 O-O 11.Nc4 Re8+ 12.Kf2 Qc7 13.Nh3 h6 14.a4 b6 15.Bd3 Ba6
16.Nxd6 Qxd6 17.c4 Qe5 18.Re1 Qxe1+ 19.Qxe1 Rxe1 20.Kxe1 Nxd5 21.Bd2 Ne7
22.a5 Nbc6 23.axb6 axb6 24.Bc3 Ra7 25.Kd2 f6 26.Nf4 Kf7 27.h4 Bc8 28.Rxa7 Nxa7
29.h5 Nac6 30.b3 Bb7 31.Be4 Nd8 32.Ke3 Bxe4 33.fxe4 Ne6 34.g3 Nxf4 35.gxf4 g6
36.hxg6+ Kxg6 37.b4 h5 38.bxc5 bxc5 39.Ba5 Nc8 40.Bc7 Kf7  1-0

[Event "XXIV Open"]
[Site "Cappelle La Grande FRA"]
[Date "2008.02.18"]
[Round "3"]
[White "Lebel Arias,J"]
[Black "Hasangatin,R"]
[Result "0-1"]
[WhiteElo "1948"]
[BlackElo "2481"]

1.d4 Nf6 2.Bg5 Ne4 3.h4 c5 4.d5 Qb6 5.Qc1 c4 6.e3 Qa5+ 7.Nc3 e6 8.Ne2 e5
9.f3 Nxc3 10.Nxc3 h6 11.Qd2 d6 12.Bxc4 hxg5 13.h5 Be7 14.O-O-O Nd7 15.g4 Nc5
16.e4 Bd7 17.Kb1 Na4 18.Nb5 Qxd2 19.Rxd2 Rc8 20.Na3 a6 21.Be2 b5 22.c3 Bd8
23.Rc2 Bb6  0-1

[Event "1st Pfalz Open"]
[Site "Neustadt a.d. Weinstrasse GER"]
[Date "2008.02.18"]
[Round "4"]
[White "Wind,L"]
[Black "Drozdovskij,Y"]
[Result "0-1"]
[WhiteElo "2174"]
[BlackElo "2574"]

1.d4 Nf6 2.Bg5 Ne4 3.Bf4 c5 4.f3 Qa5+ 5.c3 Nf6 6.d5 e6 7.e4 exd5 8.exd5 d6
9.Na3 Be7 10.Nc4 Qd8 11.a4 O-O 12.Ne2 Na6 13.g4 Nc7 14.Ne3 Nd7 15.Bg2 Bg5
16.Bxg5 Qxg5 17.f4 Qh4+ 18.Kd2 Re8 19.Qe1 Qd8 20.Qf2 b5 21.a5 c4 22.Nd4 Nc5
23.Kc2 Qe7 24.Nef5 Bxf5+ 25.gxf5 Nd3 26.Qg3 b4 27.b3 Nb5 28.bxc4 Nxd4+  0-1

[Event "XXIV Open"]
[Site "Cappelle La Grande FRA"]
[Date "2008.02.19"]
[Round "5"]
[White "Nalbandian,T"]
[Black "Baron,Ta"]
[Result "1/2-1/2"]
[WhiteElo "2505"]
[BlackElo "2213"]

1.d4 Nf6 2.Bg5 Ne4 3.Bf4 c5 4.f3 Qa5+ 5.c3 Nf6 6.d5 e6 7.e4 Qb6 8.b3 exd5
9.exd5 Bd6 10.Nh3 O-O 11.Be2 Bxf4 12.Nxf4 Qd6 13.Qd2 g5 14.Nh3 Qxd5 15.Qxd5 Nxd5
16.Nxg5 Nf4 17.Bc4 d5 18.g3 Re8+ 19.Kf2 dxc4 20.gxf4 Bf5 21.Nd2 cxb3 22.axb3 Nc6
23.Nde4 Red8 24.Nxc5 Rd2+ 25.Kg3 Rb2 26.b4 f6 27.Nge4 Kh8 28.Nxf6 Rf8 29.Ng4 b6
30.Ne4 a5 31.Rhb1 Rxb1 32.Rxb1 h5 33.Ne3 Bxe4 34.fxe4 h4+ 35.Kxh4 Rxf4+ 36.Kg5 Rxe4
37.b5 Ne7 38.Ng4 Nd5 39.h4 Nxc3 40.Rf1 Nd5 41.Rf8+ Kg7 42.Rb8 Ne3 43.Rb7+ Kf8
44.Nf6 Re7 45.Rxb6 Kf7 46.Ra6 Nc4 47.b6 Re5+ 48.Kf4 Rb5 49.Nd7 Ke8 50.Nf6+ Kf7
51.Ng4 Rxb6 52.Ra7+ Kg6 53.Rc7 Nd6 54.Ne5+ Kh6 55.Ng4+ Kg6 56.Ne5+ Kh6 57.Ng4+ Kg6
58.Ne5+  1/2-1/2

[Event "XXIV Open"]
[Site "Cappelle La Grande FRA"]
[Date "2008.02.20"]
[Round "6"]
[White "Llorente Zaro,A"]
[Black "Steel,H"]
[Result "1-0"]
[WhiteElo "2435"]
[BlackElo "2241"]

1.d4 Nf6 2.Bg5 Ne4 3.Bf4 d5 4.Nd2 Nxd2 5.Qxd2 Bf5 6.e3 e6 7.Nf3 Bd6 8.Bxd6 Qxd6
9.c4 dxc4 10.Bxc4 O-O 11.Rc1 Nd7 12.O-O c6 13.Bd3 Bxd3 14.Qxd3 Rad8 15.Rfd1 Rfe8
16.h3 h6 17.Rd2 Rc8 18.Qb3 Qb8 19.Qb4 Qc7 20.Rdc2 Qb6 21.Qa3 Ra8 22.Nd2 Nf6
23.Nc4 Qc7 24.b4 Qe7 25.Qb2 Ne4 26.a4 Rad8 27.Qb1 Qh4 28.Rb2 Nd6 29.Nxd6 Rxd6
30.b5 e5 31.bxc6 bxc6 32.dxe5 Rg6 33.Rb4 Qh5 34.Rc5 Rxe5 35.Rxc6 Rd5 36.Qe4 Re5
37.Rc8+ Kh7 38.Rbb8  1-0

[Event "6th Festival Gp A"]
[Site "Nancy FRA"]
[Date "2008.02.20"]
[Round "4"]
[White "Miladinovic,I"]
[Black "Sikula,V"]
[Result "0-1"]
[WhiteElo "2604"]
[BlackElo "2550"]

1.d4 Nf6 2.Bg5 Ne4 3.Bf4 c5 4.f3 Qa5+ 5.c3 Nf6 6.d5 Qb6 7.e4 Qxb2 8.Nd2 Qxc3
9.Bc7 e6 10.Ne2 Qa3 11.Nb1 Qb4+ 12.Nbc3 c4 13.Rb1 Qc5 14.Bg3 Na6 15.Nd4 Qa5
16.Nb5 Bb4 17.Rxb4 Qxb4 18.Bd6 Qa5 19.Bxc4 Kd8 20.dxe6 fxe6 21.Qd2 h6 22.Be7+ Kxe7
23.Nd5+ exd5 24.Qxa5 dxc4 25.Qa3+ Kf7 26.Nd6+ Kg8 27.Qa5 b6 28.Qf5 Nb4 29.e5 Nfd5
30.Nxc4 Ba6 31.Nd6 Rd8 32.a3 Nd3+ 33.Kd2 Nc7 34.h4 Ne6 35.Rb1 Rf8 36.Qe4 Ndc5
37.Qd5 Kh7 38.Rb4 Rf4 39.g3 Nc7 40.Qxc5 bxc5 41.Rxf4 Rb8 42.Rf7 Rd8 43.f4 Kg8
44.f5 Ne8 45.Re7 Nxd6 46.exd6 Bb5 47.g4 Rb8 48.Ke3 Rb6 49.f6 gxf6  0-1

[Event "6th Festival Gp A"]
[Site "Nancy FRA"]
[Date "2008.02.21"]
[Round "6"]
[White "Marzolo,C"]
[Black "Sikula,V"]
[Result "1/2-1/2"]
[WhiteElo "2474"]
[BlackElo "2550"]

1.d4 Nf6 2.Bg5 Ne4 3.Bf4 c5 4.f3 Qa5+ 5.c3 Nf6 6.d5 Qb6 7.b3 e6 8.e4 exd5
9.exd5 Bd6 10.Bg5 Be7 11.Na3 d6 12.Bb5+ Bd7 13.Bxd7+ Nbxd7 14.Ne2 O-O 15.O-O Rfe8  1/2-1/2

[Event "XI Open"]
[Site "Malaga ESP"]
[Date "2008.02.23"]
[Round "1"]
[White "Bellon Lopez,JuM"]
[Black "Tamajon Castilla,F"]
[Result "0-1"]
[WhiteElo "2455"]
[BlackElo "1956"]

1.d4 Nf6 2.Bg5 Ne4 3.Bh4 d5 4.f3 Nf6 5.Bxf6 exf6 6.c4 c6 7.cxd5 Bb4+ 8.Nc3 cxd5
9.e3 Qe7 10.Kf2 Bxc3 11.bxc3 O-O 12.Qb3 Be6 13.Ne2 Nc6 14.Nf4 Na5 15.Qb4 Qc7
16.Bd3 Rac8 17.Rhc1 b6 18.Ba6 Rcd8 19.g3 f5 20.h4 Bc8 21.Bd3 Nc4 22.Nxd5 Rxd5
23.Bxc4 Rd6 24.Bd3 Rg6 25.Rg1 Bb7 26.c4 Re8 27.Rae1 Qc8 28.Qb5 Rf6 29.d5 Re7
30.f4 Rc7 31.Rc1 Ba6 32.Qb4 Rc5 33.a4 Rd6 34.a5 bxa5 35.Qa3 Rb6 36.Bxf5 Qxf5
37.Qxc5 Rb2+ 38.Kf3 h5 39.Qc6 Bc8 40.Qe8+ Kh7 41.g4 hxg4+ 42.Kg3 Qd3 43.Rce1 Bf5
44.Qxf7 Qe4 45.h5 Kh6  0-1

[Event "25th Festival Open A"]
[Site "Bled SLO"]
[Date "2008.02.24"]
[Round "3"]
[White "Stojanovic,An"]
[Black "Li Ying,P"]
[Result "1-0"]
[WhiteElo "2310"]
[BlackElo "2157"]

1.d4 Nf6 2.Bg5 Ne4 3.Bf4 d5 4.e3 e6 5.h3 Bd6 6.Bxd6 Nxd6 7.Nf3 O-O 8.Bd3 b6
9.Qe2 c5 10.c3 Nc6 11.Nbd2 Bb7 12.Ne5 Nxe5 13.dxe5 Ne4 14.Nf3 Qc7 15.h4 a5
16.a4 Rad8 17.O-O c4 18.Bc2 Nc5 19.Qd2 Rd7 20.Qd4 Nb3 21.Bxb3 cxb3 22.Rfd1 f6
23.Qg4 Re7 24.Qf4 Qd8 25.Qd4 Ref7 26.Rd2 fxe5 27.Nxe5 Rf5 28.Ra3 Bc8 29.g3 Qf6
30.f4 Rh5 31.Rxb3 g5 32.Nf3 Qg6 33.hxg5 Qb1+ 34.Rd1 Qc2 35.Rxb6 Rh3 36.Qd2 Qe4
37.Kf2 Qxa4 38.Kg2 Qe4 39.Qd3 Rh2+ 40.Kxh2 Qxf3 41.Rf1 Qg4 42.Kg2 Rf7 43.Rb8 Rc7
44.Rh1 e5 45.Qxd5+ Rf7 46.Qf3 Qf5 47.e4 Qd7 48.f5 Qc7 49.Rxc8+ Qxc8 50.Rd1 Rf8
51.Qd3 Qb8 52.Qd5+ Kh8 53.Rd2 a4 54.f6 Qe8 55.Qd7 Qg6 56.Qf5 Qxf5 57.exf5 h6
58.Kf3 hxg5 59.Kg4 Rxf6 60.Kxg5 Rb6 61.f6 e4 62.g4 e3 63.Re2 Kg8 64.Kg6 Re6
65.g5 Re5 66.f7+ Kf8 67.Kf6 Re4 68.g6 Rf4+ 69.Kg5 Rf3 70.Rh2 Rf2 71.Rh8+  1-0

[Event "6th Festival Gp A"]
[Site "Nancy FRA"]
[Date "2008.02.24"]
[Round "9"]
[White "Miladinovic,I"]
[Black "Gozzoli,Y"]
[Result "1-0"]
[WhiteElo "2604"]
[BlackElo "2510"]

1.d4 Nf6 2.Bg5 Ne4 3.Bf4 c5 4.f3 Qa5+ 5.c3 Nf6 6.d5 Qb6 7.e4 Qxb2 8.Nd2 Qxc3
9.Bc7 d6 10.Rb1 Qe3+ 11.Ne2 Na6 12.Nc4 Qh6 13.Ba5 g5 14.Ng3 g4 15.Rxb7 Bxb7
16.Nf5  1-0

[Event "XI Open"]
[Site "Malaga ESP"]
[Date "2008.02.28"]
[Round "7"]
[White "Cueto,J BOL"]
[Black "Garcia Gata,J"]
[Result "1-0"]
[WhiteElo "2312"]
[BlackElo "2130"]

1.d4 Nf6 2.Bg5 Ne4 3.Bf4 c5 4.d5 e6 5.f3 Bd6 6.Bxd6 Nxd6 7.e4 Nxe4 8.fxe4 Qh4+
9.g3 Qxe4+ 10.Kf2 Qxh1 11.Nf3 g5 12.Qd2 g4 13.Bg2 Qxg2+ 14.Kxg2 gxf3+ 15.Kg1 d6
16.Nc3 O-O 17.Ne4 Nd7 18.Qg5+ Kh8 19.Qe7  1-0

[Event "XI Open"]
[Site "Malaga ESP"]
[Date "2008.02.28"]
[Round "7"]
[White "Bellon Lopez,JuM"]
[Black "Arizmendi Martinez,J"]
[Result "0-1"]
[WhiteElo "2455"]
[BlackElo "2506"]

1.d4 Nf6 2.Bg5 Ne4 3.Bh4 g5 4.f3 gxh4 5.fxe4 c5 6.Nc3 cxd4 7.Qxd4 Rg8 8.e5 Nc6
9.Qe4 d5 10.Qxh7 d4 11.Qxg8 dxc3 12.bxc3 Qa5 13.Rd1 Qxc3+ 14.Rd2 Nxe5 15.e4 Bd7
16.Ne2 Qe3 17.Qh8 Qg5 18.Rd5 f6 19.g3 O-O-O 20.Bh3 e6 21.Rxe5 Bb4+ 22.c3 Bxc3+
23.Kf2 fxe5 24.Qxd8+ Kxd8 25.Nxc3 Qd2+ 26.Ne2 hxg3+ 27.hxg3 Qxa2 28.g4 Qd2
29.Bg2 a5 30.Rh5 a4 31.g5 Be8 32.Rh7 a3  0-1

[Event "24th Open"]
[Site "Bad Woerishofen GER"]
[Date "2008.03.01"]
[Round "3"]
[White "Teske,H"]
[Black "Naegele,T"]
[Result "1-0"]
[WhiteElo "2493"]
[BlackElo "2220"]

1.d4 Nf6 2.Bg5 Ne4 3.Bh4 c5 4.f3 Qa5+ 5.c3 Nf6 6.dxc5 Qxc5 7.e4 d6 8.Na3 a6
9.Bc4 Nbd7 10.Ne2 g6 11.Qb3 e6 12.O-O-O Bg7 13.Bxe6 Qe3+ 14.Kb1 Qxe2 15.Bxf7+ Kf8
16.Bg3 Ne5 17.Bxe5 dxe5 18.Nc4 Bh6 19.Nd6 Kg7 20.Bxg6 Rf8 21.Bf5 Bxf5 22.Nxf5+ Kg6
23.Rhe1 Qf2 24.Rf1 Qe2 25.Rfe1 Qf2 26.Ne7+ Kg7 27.Nd5 Nxd5 28.Qxd5 Kh8 29.Qxe5+ Bg7
30.Qg3 Qxg3 31.hxg3 Rad8 32.Kc2 Kg8 33.f4 Kf7 34.g4 Ke7 35.Rxd8 Rxd8 36.g5 Kf7
37.Rd1 Rxd1 38.Kxd1 h6 39.gxh6 Bxh6 40.g3 Ke6 41.Ke2 Bg7 42.Kd3 b5 43.b3 Kd6
44.g4 Kc5 45.g5 Bh8 46.e5 Kd5 47.c4+ bxc4+ 48.bxc4+ Kc5 49.Ke4 Bg7 50.f5  1-0

[Event "TCh-HUN 2007-8"]
[Site "Budapest HUN"]
[Date "2008.03.02"]
[Round "7"]
[White "Hujbert,F"]
[Black "Mate,L"]
[Result "1/2-1/2"]
[WhiteElo "2284"]
[BlackElo "2371"]

1.d4 Nf6 2.Bg5 Ne4 3.Bf4 d5 4.f3 Nf6 5.e4 dxe4 6.Nc3 e3 7.Bxe3 Bf5 8.Bd3 Bxd3
9.Qxd3 e6 10.O-O-O c6 11.Nge2 Nbd7 12.Kb1 Be7 13.g4 Qa5 14.Bd2 O-O-O 15.g5 Nd5
16.Ne4 Qb5 17.Nc1 N5b6 18.b3 Qf5 19.Ng3 Qxd3 20.Nxd3 c5 21.dxc5 Nxc5 22.Nxc5 Bxc5
23.Bc3 Rhg8 24.Rxd8+ Kxd8 25.Ne4 Be7 26.Rd1+ Kc7 27.Be5+ Kc6 28.c4 Nd7 29.Bg3 Nc5
30.Nxc5 Bxc5 31.Kc2 Be7 32.Bf4 f6 33.gxf6 gxf6 34.Be3 a6 35.Rg1 Rg6 36.Kc3 Bd6
37.Rxg6 hxg6 38.h3 a5 39.Bc1 f5 40.a3 Be5+ 41.Kd3 Bd6 42.Kc3 Be5+  1/2-1/2

[Event "4NCL 2007-8"]
[Site "Wokefield Park ENG"]
[Date "2008.03.02"]
[Round "8"]
[White "Taylor,Mart"]
[Black "Richardson,Joh"]
[Result "1-0"]
[WhiteElo "2334"]
[BlackElo "2310"]

1.d4 Nf6 2.Bg5 Ne4 3.Bf4 c5 4.f3 Qa5+ 5.c3 Nf6 6.Nd2 cxd4 7.Nb3 Qb6 8.Qxd4 Qxd4
9.cxd4 d6 10.e4 e6 11.Ne2 Be7 12.Nc3 O-O 13.Rc1 Nc6 14.Be2 Rd8 15.Be3 b6
16.O-O Bb7 17.a3 Rac8 18.g4 d5 19.e5 Ne8 20.f4 f6 21.Rc2 Nc7 22.Rfc1 fxe5
23.fxe5 Rf8 24.Nd1 Na6 25.Nf2 Ncb8 26.Nh3 Rxc2 27.Rxc2 Rc8 28.Bd3 Rxc2 29.Bxc2 Nc7
30.Bg5 Bxg5 31.Nxg5 h6 32.Nf3 Ba6 33.Kf2 Nc6 34.Ke3 Kf7 35.h4 Bb5 36.Nbd2 Na5
37.b3 Bd7 38.a4 b5 39.Ne1 bxa4 40.bxa4 Nc4+ 41.Nxc4 dxc4 42.Kd2 Nd5 43.a5 c3+
44.Kc1 Ne3 45.Bd3 Nxg4 46.Kc2 Nf2 47.Kxc3 Nxd3 48.Nxd3 Kg6 49.Nc5 Bc8 50.d5 exd5
51.Kd4 Kh5 52.e6 Bxe6 53.Nxe6 g5 54.hxg5 hxg5 55.a6 g4 56.Kxd5 g3 57.Nf4+ Kg4
58.Ke4 Kg5 59.Ng2 Kf6 60.Kd5 Ke7 61.Kc6 Kd8 62.Kb7 Kd7 63.Kxa7 Kc8 64.Kb6 Kb8
65.Ne3 Ka8 66.Nd5 g2 67.Nc7+ Kb8 68.a7+  1-0

[Event "FSGM March"]
[Site "Budapest HUN"]
[Date "2008.03.04"]
[Round "3"]
[White "Bui Vinh"]
[Black "Ilincic,Z"]
[Result "1/2-1/2"]
[WhiteElo "2482"]
[BlackElo "2561"]

1.d4 Nf6 2.Bg5 Ne4 3.Bf4 d5 4.e3 Nd7 5.Bd3 g5 6.Bxe4 gxf4 7.Bxd5 e6 8.Bf3 fxe3
9.fxe3 Qg5 10.Qd3 Bh6 11.Ke2 Nf6 12.Nh3 Qh4 13.Nc3 Ng4 14.Nd1 e5 15.Nhf2 O-O
16.Nxg4 Bxg4 17.Nf2 Bxf3+ 18.gxf3 Rad8 19.d5 f5 20.Rhg1+ Kh8 21.Rad1 Qb4
22.b3 c6 23.c4 cxd5 24.cxd5 Rd6 25.Qc4 Qb6 26.Rd3 Bg7 27.h3 Rh6 28.Rg2 Qf6
29.Rd1 Rh4 30.Qc7 Qa6+ 31.Ke1 Bf6 32.d6 Qxa2 33.d7 Rd8 34.Qd6 Qa5+ 35.Rd2 Qa1+
36.Ke2 Qa6+ 37.Qxa6 bxa6 38.e4 Be7 39.Rd5 fxe4 40.Nxe4 Rh6 41.Rg1 Rb6 42.Nd2 Rb5
43.Rd3 Bc5 44.Rc1 Kg7 45.Ne4 Bd4 46.Rc7 Rd5 47.f4 exf4 48.Kf3 Kf7 49.Nc3 Rd6
50.Rxa7 Bxa7 51.Rxd6 Bb8 52.Rh6 Kg7 53.Rxa6  1/2-1/2